A disswasive from the sin of drunkenness /

Bibliographic Details
Main Author: Woodward, Josiah, 1660-1712
Format: eBook
Language:English
Series:Early American imprints. Evans (1639-1800) ; no. 40813.
Subjects:
Online Access:Evans Digital Edition

MARC

Tag First Indicator Second Indicator Subfields
LEADER 00000cam a22000001a 4500
001 in00002160402
006 m e d #
007 cr mn mmmmabba
008 861029s1755 pau s 000 0 eng d
005 20260331144233.4
035 |z w017194 
035 |a MAAR8610291004B 
035 |9 mwa91-32986 
035 |a 331640 
035 |a aas03017194 
040 |a MWA  |c MWA  |e bdrb  |d UtOrBLW 
100 1 |a Woodward, Josiah,  |d 1660-1712. 
245 1 2 |a A disswasive from the sin of drunkenness /  |c By Josiah Woodward, D.D. 
264 3 |a Lancaster [Pa.] :  |b Printed and sold by W. Dunlap, in Queen-Street,  |c 1755. 
300 |a 22 pages, 2 unnumbered pages ;  |c (duodecimo) 
336 |a text  |b txt  |2 rdacontent 
337 |a computer  |b c  |2 rdamedia 
338 |a online resource  |b cr  |2 rdacarrier 
500 |a Bookseller's advertisement, page [23]. 
510 4 |a Bristol  |c B1788 
510 4 |a Shipton & Mooney  |c 40813 
530 |a Microform version available in the Readex Early American Imprints series. 
533 |a Electronic text and image data.  |b [Chester, Vt. :  |c Readex, a division of Newsbank, Inc.,  |d 2002-2004.  |e Includes files in TIFF, GIF and PDF formats with inclusion of keyword searchable text.  |f (Early American imprints. First series ; no. 40813). 
500 |a Electronic resource. 
650 0 |a Alcoholism  |x Religious aspects. 
655 7 |a Booksellers' advertisements  |z Pennsylvania  |z Lancaster.  |2 rbgenr 
752 |a United States  |b Pennsylvania  |d Lancaster. 
830 0 |a Early American imprints.  |n Series I,  |p Evans (1639-1800) ;  |v no. 40813. 
856 4 1 |u http://proxy.library.tamu.edu/login?url=https://opac.newsbank.com/select/evans/40813  |y Evans Digital Edition  |t 0 
999 |a MARS 
999 f f |s 6c57105d-4929-33bc-9abf-1fa608986f5e  |i 5a6100b1-897a-3958-bdb8-f48ca290c752  |t 0 
952 f f |a Texas A&M University  |b College Station  |c Electronic Resources  |s www_evans  |d Available Online  |t 0  |h No information provided 
998 f f |t 0  |l Available Online